| 000 | 00437nam a22001697a 4500 | ||
|---|---|---|---|
| 003 | NUST | ||
| 005 | 20220203102854.0 | ||
| 020 | _a9787119119441 | ||
| 038 | _aMuhammad Ibrahim | ||
| 082 |
_a333.7914 _bDAD |
||
| 100 |
_aZhou, Dadi _988742 |
||
| 245 |
_aToward a green and low-carbon future _bChina's energy strategy _cZhou Dadi |
||
| 260 |
_aChina _bForeign Language Press _c2019 |
||
| 300 | _a377p | ||
| 563 | _aPB | ||
| 942 |
_2ddc _cBK |
||
| 999 |
_c587759 _d587759 |
||